000 00958cam a2200289 a 4500
001 15604001
003 CEME
005 20210628201600.0
008 090129s2010 ne a b 001 0 eng
010 _a 2009003607
020 _a9780750685603 (hardcover)
020 _a0750685603 (hardcover)
035 _a(OCoLC)ocn300722280
040 _aDLC
_cDLC
_dC#P
_dBWX
_dDLC
050 0 0 _aQA808.2
_b.L3 2010
082 0 0 _a531
_222
100 1 _aLai, W. Michael,RUBIN, DAVID, KREMPL, ERHARD
_d1930-
_955936
245 1 0 _aIntroduction to continuum mechanics /
_cW. Michael Lai, David Rubin, Erhard Krempl.
250 _a4th ed.
260 _aAmsterdam ;
_aBoston :
_bButterworth-Heinemann/Elsevier,
_cc2010.
300 _axiv, 520 p. :
_bill. ;
_c25 cm.
504 _aIncludes bibliographical references and index.
650 0 _aContinuum mechanics.
_920066
700 1 _aRubin, David,
_d1942-
_955937
700 1 _aKrempl, Erhard.
_955938
942 _2ddc
_cBK
999 _c566533
_d566533